Making the team : (Record no. 20512)

MARC details
000 -LEADER
fixed length control field 00528nam a22001937a 4500
003 - CONTROL NUMBER IDENTIFIER
control field OSt
008 - FIXED-LENGTH DATA ELEMENTS--GENERAL INFORMATION
fixed length control field 240515b2020 |||||||| |||| 00| 0 eng d
020 ## - INTERNATIONAL STANDARD BOOK NUMBER
International Standard Book Number 9789353940355
082 ## - DEWEY DECIMAL CLASSIFICATION NUMBER
Classification number 658.4022
Item number THO-M
100 ## - MAIN ENTRY--PERSONAL NAME
Personal name Thompson, Leigh
245 ## - TITLE STATEMENT
Title Making the team :
Remainder of title a guide for manages /
Statement of responsibility, etc Leigh Thompson.
250 ## - EDITION STATEMENT
Edition statement 6th
260 ## - PUBLICATION, DISTRIBUTION, ETC. (IMPRINT)
Place of publication, distribution, etc Noida :
Name of publisher, distributor, etc Pearson,
Date of publication, distribution, etc 2020.
300 ## - PHYSICAL DESCRIPTION
Extent / Pages xviii, 459 p. ;
650 ## - SUBJECT ADDED ENTRY--TOPICAL TERM
Topical term or geographic name as entry element General Books
650 ## - SUBJECT ADDED ENTRY--TOPICAL TERM
Topical term or geographic name as entry element Organizational effectiveness
650 ## - SUBJECT ADDED ENTRY--TOPICAL TERM
Topical term or geographic name as entry element Teams in the workplace
942 ## - ADDED ENTRY ELEMENTS (KOHA)
Source of classification or shelving scheme
Koha item type Books
942 ## - ADDED ENTRY ELEMENTS (KOHA)
-- 1
Holdings
Withdrawn status Lost status Source of classification or shelving scheme Damaged status Not for loan Home library Current library Date acquired Source of acquisition Currency Cost, normal purchase price Full call number Barcode Date last seen Copy number Bill Date Koha item type Bill Number Total Checkouts Date last borrowed
          SOBD Library SOBD Library 11/04/2024 Vedi Books INR 710.00 658.4022 THO-M1 005393 15/05/2024 1   Reference Books VEDI/24-25/04/10    
          SOBD Library SOBD Library 11/04/2024 Vedi Books INR 710.00 658.4022 THO-M2 005394 15/05/2024 2   Books VEDI/24-25/04/10    
          SOBD Library SOBD Library 11/04/2024 Vedi Books INR 710.00 658.4022 THO-M3 005395 15/05/2024 3   Books VEDI/24-25/04/10    
          SOBD Library SOBD Library 11/04/2024 Vedi Books INR 710.00 658.4022 THO-M4 005396 06/03/2026 4   Books VEDI/24-25/04/10 1 11/02/2026
          SOBD Library SOBD Library 11/04/2024 Vedi Books INR 710.00 658.4022 THO-M5 005397 15/05/2024 5   Books VEDI/24-25/04/10    
          SOBD Library SOBD Library 11/04/2024 Vedi Books INR 710.00 658.4022 THO-M6 005398 15/05/2024 6   Books VEDI/24-25/04/10    
          SOBD Library SOBD Library 11/04/2024 Vedi Books INR 710.00 658.4022 THO-M7 005399 15/05/2024 7   Books VEDI/24-25/04/10    
Hosted, Implemented, Customized & Maintained by: BestBookBuddies

Powered by Koha